| 000 | 04075cam a22005534i 4500 | ||
|---|---|---|---|
| 003 | PE-LiUPU | ||
| 005 | 20250731180114.0 | ||
| 008 | 180522s2016 mx a r 001 0 spa d | ||
| 020 | _a9786075228358 | ||
| 035 | _a(Sirsi) a242073 | ||
| 040 |
_aPE-LiUPU _bspa _cPE-LiUPU _erda |
||
| 049 | _aPRUA | ||
| 082 | 0 | 4 |
_a519.2 _bJ67 _222 |
| 100 | 1 |
_aJohson, Robert, _eautor. |
|
| 245 | 1 | 0 |
_aEstadística elemental / _cRobert Johnson, Patricia Kuby. |
| 250 | _a11a edición. | ||
| 264 | 1 |
_aMéxico : _bCengage learning, _c2016. |
|
| 300 |
_a804 páginas : _bilustraciones; _c28 centímetros |
||
| 336 |
_atext _2rdacontent |
||
| 337 |
_aunmediated _2rdamedia |
||
| 338 |
_avolume _2rdacarrier |
||
| 504 | _aÍndice : páginas 781-798. | ||
| 505 | 0 | _aEstadística -- ¿Qué es la estadística? -- Mensurabilidad y variabilidad -- Recolección de datos -- Estadística y tecnología -- Análisis descriptivo y presentación de datos de una variable -- Gráficas, diagramas de Pareto y diagramas de tallo y hojas -- Distribuciones de frecuencia e histogramas -- Medidas de dispersión -- Medidas de posición -- Interpretación y comprensión de la desviación estándar -- El arte del engaño estadístico -- Análisis descriptivo y presentación de datos bivariados -- Datos bivariados -- Correlación lineal -- Regresión lineal -- Probabilidad -- Probabilidad de eventos -- Probabilidad condicional de eventos -- Probabilidad condicional de eventos -- Reglas de probabilidad -- Eventos mutuamente excluyentes -- Eventos independientes -- Mutuamente excluyentes e independientes ¿están relacionados? -- Distribuciones de probabilidad (variables discretas) -- Variables aleatorias -- Distribuciones de probabilidad de una variable aleatoria discreta -- Distribución de probabilidad binomial -- Distribuciones de probabilidad normal -- Distribución de probabilidad normal -- La distribución normal estándar -- Aplicaciones de las distribuciones normales -- Notación -- Aproximación normal de la binomial -- Variabilidad muestral -- Distribuciones muestrales -- La distribución muestral de medias muestrales -- Aplicación de la distribución muestral de medias muestrales -- Inferencia estadística -- Introducción -- La naturaleza de la estimación -- Estimación de media -- La naturaleza de la prueba de hipótesis -- Un método de valor de probabilidad -- Prueba de hipótesis de media -- Un método clásico -- Inferencias que involucran una población -- Muestras dependientes e independientes -- Inferencias concernientes a la diferencia de medias usando dos muestras dependientes -- Inferencias concernientes a la razón de varianzas -- Análisis de correlación y de regresión lineales -- Intervalos de confianza para regresión -- Comprender la relación entre correlación y regresión -- Elementos de estadística no paramétrica -- Estadística no paramétrica -- La prueba del signo -- La prueva U de Mann-Whitney -- La prueba de rachas -- Correlación por rangos. | |
| 526 | _aSEG44 | ||
| 526 | _aSEG26 | ||
| 526 | _aP159 | ||
| 526 | _aP155 | ||
| 526 | _aP154 | ||
| 526 | _aP153 | ||
| 526 | _aP150 | ||
| 526 | _aP100 | ||
| 526 | _aP31 | ||
| 526 | _aP30 | ||
| 526 | _aP26 | ||
| 526 | _aP25 | ||
| 526 | _aP24 | ||
| 526 | _aP22 | ||
| 526 | _aP15 | ||
| 526 | _aP10 | ||
| 541 | _g022-00000049; | ||
| 650 | 0 | 4 |
_aEstadística matemática. _91317 |
| 650 | 0 | 4 | _aMathematical statistics. |
| 910 |
_adbm _bwmm _cwmm _d20160822 |
||
| 942 |
_2ddc _cBOOK |
||
| 994 |
_aC0 _bPEPRU |
||
| 596 | _a1 | ||
| 999 |
_a519.2 J67 _wDEWEY _c27581 _i78559 _d27581 _e2019-12-26 _f2021-11-5 _g4 _lCCODEBUL1 _mBUL _n1 _p76.12 _q2 _r0 _sY _tBOOK _u2018-5-22 _xBIBLIOTECA _PP24 _0COMPRA _1FCOMPRA _o.STAFF. Colección Ingeniería y Arquitectura |
||
| 999 |
_a519.2 J67 _wDEWEY _c2 _i78560 _d2018-10-28 _f2021-11-5 _g4 _lCCODEBUL1 _mBUL _p76.12 _q1 _r0 _sY _tBOOK _u2018-5-22 _xBIBLIOTECA _PP24 _0COMPRA _1FCOMPRA _o.STAFF. Colección Ingeniería y Arquitectura |
||
| 980 |
_81 _gALBERTO SANCHEZ Responsable de Automatización |
||